00369pab a2200133 454500008004000000100001800040245006600058260000900124300001400133362001200147650002100159700002800180773002700208180718b2002 xxu||||| |||| 00| 0 eng d aMahajan, Anil aSome reflections on the state of unprivileged groups in India c2002 ap.245-49. aApr-Sep aBackward classes aSrivastava, Vinay Kumar aEastern Anthropologist